banner-ar

حقوق الانسان : معارك مستمرة بين الشمال و الجنوب / (Record no. 41503)

MARC details
000 -الفاتح
حقل البيانات ثابتة الطول 00614nam a2200205Ia 4500
008 - عناصر البيانات ثابتة الطول - معلومات عامة
حقل البيانات ثابتة الطول 140319s9999 xx 000 0 ara d
040 ## - مصدر الفهرسة
وكالة الفهرسة الأصلية GCL /
وكالة النسخ GCL
082 04 - رقم تصنيف ديوى العشرى
رقم التصنيف 323.4
رقم المادة ا ح
100 1# - المدخل الرئيسى - إسم شخصى
الإسم الشخصى امير سالم
245 10 - بيان العنوان
العنوان حقوق الانسان : معارك مستمرة بين الشمال و الجنوب /
بيان المسئوليه,etc امير سالم
300 ## - الوصف المادى
التعداد 329 ص
490 ## - بيان السلسلة
عنوان السلسلة
650 04 - المدخل الاضافى بالموضوع-مصطلح موضوعى
مصطلح موضوعي التعاون الدولى
650 04 - المدخل الاضافى بالموضوع-مصطلح موضوعى
مصطلح موضوعي حقوق الانسان
650 04 - المدخل الاضافى بالموضوع-مصطلح موضوعى
مصطلح موضوعي المؤتمرات الدولية
650 04 - المدخل الاضافى بالموضوع-مصطلح موضوعى
مصطلح موضوعي المنظمات الدولية
650 04 - المدخل الاضافى بالموضوع-مصطلح موضوعى
مصطلح موضوعي النمسا
942 ## - عناصر المدخل الإضافي( كوها)
مصدر التصنيف او مخطط الترفيف Dewey Decimal Classification
Koha [default] item type كتاب
Holdings
حالة التراجع حالة الفقد حالة تلف ليس للاعارة المكان المؤقت الموقع الحالى تاريخ الاكتساب اجمالي اﻻعارات رقم الطلب الباركود تاريخ اخر مشاهدة تاريخ تفعيل السعر نوع وعاء كوها
        مكتبة القاهرة الكبرى مكتبة القاهرة الكبرى 03/26/2014   323.4\ا ح 100236 03/26/2014 03/26/2014 كتاب
        مكتبة القاهرة الكبرى مكتبة القاهرة الكبرى 03/26/2014   323.4\ا ح 100237 03/26/2014 03/26/2014 كتاب
        مكتبة القاهرة الكبرى مكتبة القاهرة الكبرى 03/26/2014   323.4\ا ح 100238 03/26/2014 03/26/2014 كتاب

Powered By

EGPV